000 00682nam a22002417a 4500
005 20170124110015.0
010 _a185473
020 _c00.00
035 _a185473
037 _bCen Lib/ Ret
040 _aDPL
_bEN
082 _a341.1
_bMOR
100 _aMorray, Joseph P.
_918495
245 _aFrom yalta to disarmamnet :
_cby Joseph P. Morray
_bcold war debate /
260 _aNew York
_bM R press
_c1961
270 _bNew York
_a333, sixth avenue
300 _axii,268p.
_c21cm(Hb)
500 _a Includes index
650 _aDisarmament policy
_x
_918496
650 _aCold war
_xhistory
_918497
700 _918478
942 _2ddc
_cEN
_h341.1
_mMOR
999 _c126792
_d126792